Information Technology-IX (Record no. 11666)

MARC details
000 -LEADER
fixed length control field 00265nam a22000977a 4500
008 - FIXED-LENGTH DATA ELEMENTS--GENERAL INFORMATION
fixed length control field 191125b ||||| |||| 00| 0 eng d
020 ## - INTERNATIONAL STANDARD BOOK NUMBER
International Standard Book Number 9789387644359
100 ## - MAIN ENTRY--PERSONAL NAME
Personal name Banerjee Sayan
9 (RLIN) 7368
245 ## - TITLE STATEMENT
Title Information Technology-IX
260 ## - PUBLICATION, DISTRIBUTION, ETC. (IMPRINT)
Place of publication, distribution, etc. New Delhi
Name of publisher, distributor, etc. Goyal Brothers
Date of publication, distribution, etc. 2019
Holdings
Withdrawn status Lost status Source of classification or shelving scheme Damaged status Koha normalized classification for sorting Not for loan Home library Current library Shelving location Date acquired Total Checkouts Total Renewals Full call number Barcode Date last seen Date last checked out Price effective from Koha item type
    Dewey Decimal Classification   005_000000000000000_D6   Good Samaritan School Library Good Samaritan School Library Information Practices 11/25/2019 5 2 005 D-6 BAN15548 12/03/2021 02/14/2020 11/25/2019 BOOK

Powered by Koha